<?xml version="1.0" encoding="UTF-8"?>
<record
    xmlns:xsi="http://www.w3.org/2001/XMLSchema-instance"
    xsi:schemaLocation="http://www.loc.gov/MARC21/slim http://www.loc.gov/standards/marcxml/schema/MARC21slim.xsd"
    xmlns="http://www.loc.gov/MARC21/slim">

  <leader>01218nam a22001577a 4500</leader>
  <datafield tag="999" ind1=" " ind2=" ">
    <subfield code="c">518519</subfield>
    <subfield code="d">518519</subfield>
  </datafield>
  <controlfield tag="008">210928b           ||||| |||| 00| 0 eng d</controlfield>
  <datafield tag="100" ind1=" " ind2=" ">
    <subfield code="a">Chen, Martha </subfield>
    <subfield code="9">29587</subfield>
  </datafield>
  <datafield tag="245" ind1=" " ind2=" ">
    <subfield code="a">COVID-19, cities and urban informal workers: India in comparative perspective</subfield>
  </datafield>
  <datafield tag="260" ind1=" " ind2=" ">
    <subfield code="a">The Indian Journal of Labour Economics  </subfield>
  </datafield>
  <datafield tag="300" ind1=" " ind2=" ">
    <subfield code="a">63(1), Oct, 2020: p.41-46</subfield>
  </datafield>
  <datafield tag="520" ind1=" " ind2=" ">
    <subfield code="a">Informal workers represent 61% of all workers globally&#x2014;a total of 2 billion workers worldwide (ILO 2018). Of these, an estimated 1.6 billion&#x2014;80%&#x2014;could see their livelihoods destroyed due to the lockdowns and related shelter-at-home restrictions in response to COVID-19 (ILO 2020). Since long before the COVID-19 virus hit, informal workers have been struggling for justice, equality and dignity as workers and as human beings in large part because they are widely stigmatized by economists and policy makers as illegal and non-productive, while most are trying to earn an honest living under a very harsh policy and regulatory environment. &#x2013; Reproduced </subfield>
  </datafield>
  <datafield tag="650" ind1=" " ind2=" ">
    <subfield code="a">COVID-19, Cities, Urban informal workers, Labour</subfield>
    <subfield code="9">29588</subfield>
  </datafield>
  <datafield tag="773" ind1=" " ind2=" ">
    <subfield code="a">The Indian Journal of Labour Economics</subfield>
  </datafield>
  <datafield tag="906" ind1=" " ind2=" ">
    <subfield code="a">COVID-19 (DISEASE) - ECONOMIC ASPECTS</subfield>
  </datafield>
  <datafield tag="942" ind1=" " ind2=" ">
    <subfield code="c">AR</subfield>
  </datafield>
  <datafield tag="952" ind1=" " ind2=" ">
    <subfield code="0">0</subfield>
    <subfield code="1">0</subfield>
    <subfield code="2">ddc</subfield>
    <subfield code="4">0</subfield>
    <subfield code="7">0</subfield>
    <subfield code="9">392588</subfield>
    <subfield code="a">IIPA</subfield>
    <subfield code="b">IIPA</subfield>
    <subfield code="d">2021-09-28</subfield>
    <subfield code="h">63(1), Oct, 2020: p.41-46</subfield>
    <subfield code="p">AR125652</subfield>
    <subfield code="r">2021-09-28</subfield>
    <subfield code="y">AR</subfield>
  </datafield>
</record>
